[Event "Reykjavik Open 2013"]
[Site "Reykjavik ISL"]
[Date "2013.02.20"]
[Round "2.3"]
[White "Mammadova, Gulnar"]
[Black "Navara, David"]
[Result "1/2-1/2"]
[WhiteTitle "WGM"]
[BlackTitle "GM"]
[WhiteElo "2369"]
[BlackElo "2710"]
[WhiteFideId "13403508"]
[BlackFideId "309095"]
[EventDate "2013.02.19"]

1. e4 c5 2. Nf3 e6 3. b3 b6 4. c4 Bb7 5. Nc3 Nf6 6. e5 Ne4 7. Nxe4 Bxe4 8. Be2
Be7 9. O-O d5 10. d3 Bg6 11. d4 O-O 12. cxd5 exd5 13. Ba3 Nd7 14. dxc5 Bxc5 15.
b4 Be7 16. Qxd5 a5 17. Qb5 axb4 18. Bxb4 Bxb4 19. Qxb4 Nc5 20. Rfd1 Qc7 21. a4
Rfd8 22. Rdc1 Ra5 23. h3 h6 24. Rc3 Bf5 25. Bb5 Bd7 26. Bxd7 Rxd7 27. Rb1 Kh7
28. Kh2 Qc6 29. Qxb6 Qxb6 30. Rxb6 Nxa4 31. Ra3 Nxb6 32. Rxa5 Nc4 33. Rc5 Nd2
34. Nxd2 Rxd2 35. Kg3 g6 36. Rc7 Kg8 37. Kf3 h5 38. g3 Kf8 39. h4 Ra2 40. Ke3
Rb2 41. f3 Rb3+ 42. Kf4 Rb4+ 43. Ke3 Rb3+ 44. Ke4 Rb4+ 45. Ke3 Rb3+ 46. Ke4 Rb4+
47. Kd3 Rb1 48. Ke4 Rb4+ 1/2-1/2

[Event "Reykjavik Open 2013"]
[Site "Reykjavik ISL"]
[Date "2013.02.20"]
[Round "2.4"]
[White "Cheparinov, Ivan"]
[Black "Wang, Jue"]
[Result "1-0"]
[WhiteTitle "GM"]
[BlackTitle "WGM"]
[WhiteElo "2709"]
[BlackElo "2375"]
[WhiteFideId "2905540"]
[BlackFideId "8604070"]
[EventDate "2013.02.19"]

1. e4 c5 2. Nf3 d6 3. d4 cxd4 4. Nxd4 Nf6 5. Nc3 a6 6. Be3 e5 7. Nb3 Be7 8. h3
Be6 9. Qf3 Nbd7 10. g4 Nb6 11. O-O-O Rc8 12. Nc5 O-O 13. g5 Nfd7 14. Nxe6 fxe6
15. Qg4 Kh8 16. g6 Rf4 17. Bxf4 exf4 18. Qxe6 Ne5 19. gxh7 Qc7 20. Rg1 Rf8 21.
Bc4 Kxh7 22. Bb3 Qd7 23. h4 Qxe6 24. Bxe6 Rf6 25. Bf5+ g6 26. Rxg6 Nxg6 27. h5
Kg7 28. hxg6 Rf8 29. Ne2 Rh8 30. Rg1 Nc4 31. Nd4 f3 32. Ne6+ Kg8 33. b3 Ne5 34.
g7 Rh5 35. Kd1 Bh4 36. Nf4 Rg5 37. Rxg5 Bxg5 38. Nh5 Bh6 39. Be6+ Nf7 40. c4 b6
41. Kc2 a5 42. Kd3 Bg5 43. e5 dxe5 44. Ke4 Bh6 45. Kf5 Bxg7 46. Nxg7 Kxg7 47.
Bxf7 Kxf7 48. Kxe5 1-0

[Event "Reykjavik Open 2013"]
[Site "Reykjavik ISL"]
[Date "2013.02.20"]
[Round "2.5"]
[White "Yu, Yangyi"]
[Black "Handler, Lukas"]
[Result "1-0"]
[WhiteTitle "GM"]
[BlackTitle "FM"]
[WhiteElo "2688"]
[BlackElo "2369"]
[WhiteFideId "8603820"]
[BlackFideId "1609580"]
[EventDate "2013.02.19"]

1. e4 e5 2. Nf3 Nc6 3. Bb5 a6 4. Ba4 Nf6 5. O-O Be7 6. d3 d6 7. c4 O-O 8. h3 Bd7
9. Be3 Re8 10. Nc3 Bf8 11. Rc1 h6 12. Nd5 Nb8 13. b4 Nxd5 14. cxd5 c6 15. Bb3 a5
16. dxc6 Bxc6 17. b5 Bd7 18. Bd5 Bc8 19. Qb3 Re7 20. Bb6 Qxb6 21. Rxc8 a4 22.
Qc4 g6 23. Qc1 Kg7 24. Rxf8 Kxf8 25. Qxh6+ Ke8 26. Qh8+ Kd7 27. Rc1 Qd8 28. Qf6
Ke8 29. Ng5 1-0

[Event "Reykjavik Open 2013"]
[Site "Reykjavik ISL"]
[Date "2013.02.20"]
[Round "2.7"]
[White "Eljanov, Pavel"]
[Black "L'Ami, Alina"]
[Result "1-0"]
[WhiteTitle "GM"]
[BlackTitle "WGM"]
[WhiteElo "2678"]
[BlackElo "2362"]
[WhiteFideId "14102951"]
[BlackFideId "1210246"]
[EventDate "2013.02.19"]

1. d4 Nf6 2. c4 g6 3. Nc3 Bg7 4. e4 d6 5. Nf3 O-O 6. Be2 e5 7. Be3 exd4 8. Nxd4
Re8 9. f3 c6 10. Bf2 d5 11. exd5 cxd5 12. O-O Nc6 13. c5 Bf8 14. Nb3 Be6 15. Bb5
Rc8 16. Re1 Nh5 17. Qd2 a6 18. Bxc6 bxc6 19. Na4 Qf6 20. Nb6 Rc7 21. Bd4 Qh4 22.
Qf2 Qg5 23. Re5 f5 24. Rae1 Kf7 25. R5e3 f4 26. Re5 Qd8 27. R5e2 Bg7 28. Be5
Bxe5 29. Rxe5 Rce7 30. Nd4 Bd7 31. Nxd7 Qxd7 32. Rxe7+ Rxe7 33. Rxe7+ Qxe7 34.
Nxc6 Qe3 35. Qxe3 fxe3 36. g3 Ng7 37. Kf1 Ne6 38. b4 d4 39. Ke2 Ke8 40. a4 g5
41. b5 axb5 42. axb5 Kd7 43. Ne5+ Kc8 44. Nd3 Nc7 45. b6 Nd5 46. f4 g4 47. f5
Kb7 48. Nf4 1-0

[Event "Reykjavik Open 2013"]
[Site "Reykjavik ISL"]
[Date "2013.02.20"]
[Round "2.8"]
[White "Bewersdorff, Oliver"]
[Black "Bu, Xiangzhi"]
[Result "0-1"]
[WhiteTitle "FM"]
[BlackTitle "GM"]
[WhiteElo "2335"]
[BlackElo "2675"]
[WhiteFideId "4602897"]
[BlackFideId "8601445"]
[EventDate "2013.02.19"]

1. c4 e6 2. g3 d5 3. Nf3 d4 4. Bg2 c5 5. O-O Nc6 6. e3 Nf6 7. exd4 cxd4 8. Re1
Be7 9. b3 O-O 10. Ne5 Nxe5 11. Rxe5 Qc7 12. Re1 e5 13. d3 Bg4 14. Bf3 Bf5 15.
Qe2 Rfe8 16. Nd2 Bb4 17. Rd1 Bc3 18. Rb1 Bxd2 19. Qxd2 e4 20. Be2 Qc6 21. Bb2 e3
22. fxe3 dxe3 23. Qc3 Bh3 24. Bf1 e2 25. Bxh3 exd1=Q+ 26. Rxd1 Re2 27. Bf1 Rae8
28. Rd2 Rxd2 29. Qxd2 Qf3 30. Bg2 Re2 31. Bxf3 Rxd2 32. Bxf6 gxf6 33. Bxb7 a5
34. c5 Rxd3 35. c6 Rc3 36. a3 Kf8 37. b4 Ke7 38. bxa5 Kd6 39. a6 Rxa3 40. Kg2
Kc7 41. h4 f5 42. Kf2 Kb8 43. Kg2 Ra4 44. Kf3 f6 45. Ke3 h6 46. Kf3 Rg4 47. a7+
Kxa7 48. Bc8 Rc4 49. Bxf5 Rxc6 50. g4 Rc4 51. Be4 Kb6 52. Kf4 Rc5 53. Bf5 Kc7
54. g5 hxg5+ 55. hxg5 Rc4+ 0-1

[Event "Reykjavik Open 2013"]
[Site "Reykjavik ISL"]
[Date "2013.02.20"]
[Round "2.10"]
[White "Socko, Bartosz"]
[Black "Gislason, Gudmundur"]
[Result "1-0"]
[WhiteTitle "GM"]
[BlackTitle "FM"]
[WhiteElo "2643"]
[BlackElo "2329"]
[WhiteFideId "1107038"]
[BlackFideId "2300559"]
[EventDate "2013.02.19"]

1. c4 g6 2. Nc3 Bg7 3. d4 c5 4. d5 d6 5. Nf3 Na6 6. e4 Nc7 7. Qc2 a6 8. Bd3 Bd7
9. b3 b5 10. Rb1 b4 11. Ne2 a5 12. O-O a4 13. h3 e5 14. Nh2 g5 15. Ng3 h5 16.
Nf5 Bxf5 17. exf5 Bh6 18. bxa4 Nf6 19. a3 bxa3 20. Bxa3 g4 21. h4 g3 22. fxg3
Rg8 23. Rf3 Qd7 24. Rb6 Ng4 25. f6 Ne3 26. Qb3 Qxa4 27. Qxa4+ Rxa4 28. Rb8+ Kd7
29. Rxg8 Rxa3 30. Bf5+ Nxf5 31. Rxa3 1-0

[Event "Reykjavik Open 2013"]
[Site "Reykjavik ISL"]
[Date "2013.02.20"]
[Round "2.13"]
[White "Saduakassova, Dinara"]
[Black "Kuzubov, Yuriy"]
[Result "1/2-1/2"]
[WhiteTitle "WGM"]
[BlackTitle "GM"]
[WhiteElo "2312"]
[BlackElo "2622"]
[WhiteFideId "13700090"]
[BlackFideId "14112906"]
[EventDate "2013.02.19"]

1. d4 Nf6 2. c4 g6 3. Nc3 d5 4. Bf4 Bg7 5. e3 c6 6. Nf3 O-O 7. Bd3 Be6 8. Qb3
dxc4 9. Bxc4 Bxc4 10. Qxc4 Nbd7 11. O-O Nb6 12. Qb3 Nfd5 13. Be5 Nxc3 14. Qxc3
Nd5 15. Qd2 Qb6 16. Bxg7 Kxg7 17. e4 Nc7 18. Rac1 Nb5 19. d5 cxd5 20. Qxd5 e6
21. Qe5+ f6 22. Qc5 e5 23. Rfd1 Qxc5 24. Rxc5 Rad8 25. Rxd8 Rxd8 26. Kf1 a6 27.
a4 Nd6 28. Rc7+ Kh6 29. Ke2 Nxe4 30. Rxb7 Nc5 31. Rb6 e4 32. Nd2 f5 33. a5 Rd5
34. f3 exf3+ 35. Nxf3 f4 36. Rf6 Nb3 37. Rxa6 Nxa5 38. Rf6 Rb5 39. Rxf4 Rxb2+
40. Kf1 Nb3 1/2-1/2

[Event "Reykjavik Open 2013"]
[Site "Reykjavik ISL"]
[Date "2013.02.20"]
[Round "2.14"]
[White "L'Ami, Erwin"]
[Black "Prosviriakov, Vladimir"]
[Result "1-0"]
[WhiteTitle "GM"]
[BlackTitle "IM"]
[WhiteElo "2622"]
[BlackElo "2297"]
[WhiteFideId "1007998"]
[BlackFideId "2004860"]
[EventDate "2013.02.19"]

1. e4 e5 2. Nf3 Nc6 3. Bb5 Nd4 4. Nxd4 exd4 5. O-O Bc5 6. b4 Bb6 7. Na3 Ne7 8.
Bd3 O-O 9. Nc4 d5 10. Nxb6 axb6 11. c4 dxc4 12. Bxc4 Nc6 13. a4 Ne5 14. Bb3 Nd3
15. f4 Qe7 16. Qf3 Nxb4 17. Ba3 c5 18. Bxb4 cxb4 19. f5 Ra5 20. d3 Bd7 21. Qg3
Qe5 22. Qe1 Qe7 23. Qf2 Qe5 24. Qd2 b5 25. axb5 Rxa1 26. Rxa1 Bxb5 27. Ra5 b6
28. Ra7 Qb8 29. f6 gxf6 30. Ra1 Qe5 31. Rf1 Qg5 32. Rf4 Kh8 33. h4 Qg3 34. Rf3
Qxh4 35. Qxb4 Rg8 36. Bxf7 Rc8 37. Qxb5 Rc1+ 38. Rf1 Rxf1+ 39. Kxf1 Qh1+ 40. Kf2
Qh4+ 41. Kf3 Kg7 42. Qd7 1-0

[Event "Reykjavik Open 2013"]
[Site "Reykjavik ISL"]
[Date "2013.02.20"]
[Round "2.15"]
[White "Andreasen, Per Naesby"]
[Black "Baklan, Vladimir"]
[Result "0-1"]
[WhiteTitle "FM"]
[BlackTitle "GM"]
[WhiteElo "2302"]
[BlackElo "2609"]
[WhiteFideId "1400886"]
[BlackFideId "14102196"]
[EventDate "2013.02.19"]

1. c4 Nf6 2. g3 g6 3. Bg2 Bg7 4. Nc3 O-O 5. Nf3 c6 6. O-O d6 7. d4 Bf5 8. Bf4
Ne4 9. Nxe4 Bxe4 10. Qd2 Qb6 11. Rfd1 Re8 12. Rac1 Na6 13. b3 Qb4 14. Qe3 Bxf3
15. Bxf3 Qa3 16. c5 d5 17. Qc3 Rac8 18. Rc2 b6 19. Bc1 Qb4 20. Qd3 Qa5 21. Bd2
Nb4 22. Qc3 Nxc2 0-1

[Event "Reykjavik Open 2013"]
[Site "Reykjavik ISL"]
[Date "2013.02.20"]
[Round "2.16"]
[White "Solak, Dragan"]
[Black "Malmdin, Nils-Ake"]
[Result "1-0"]
[WhiteTitle "GM"]
[BlackTitle "FM"]
[WhiteElo "2603"]
[BlackElo "2281"]
[WhiteFideId "916811"]
[BlackFideId "1701584"]
[EventDate "2013.02.19"]

1. e4 c5 2. Nf3 g6 3. d4 Bg7 4. dxc5 Qa5+ 5. c3 Qxc5 6. Na3 Nf6 7. e5 Ng4 8. Qd4
d6 9. Qxc5 dxc5 10. Nb5 Na6 11. Bf4 Be6 12. h3 Nh6 13. Nd2 O-O 14. Bc4 Bd7 15.
a4 Bc6 16. f3 Kh8 17. O-O-O Nf5 18. h4 h5 19. Ne4 Nh6 20. Bd5 Kg8 21. Bxc6 bxc6
22. Na3 Rfd8 23. Nc4 Rd5 24. Na5 Nf5 25. Nxc6 Rxd1+ 26. Kxd1 Rc8 27. Nxa7 Rd8+
28. Kc2 Rd5 29. Nc6 Kf8 30. g4 hxg4 31. fxg4 Nh6 32. Bxh6 Bxh6 33. Rd1 Rxd1 34.
Kxd1 Bf4 35. Ke2 Ke8 36. Kf3 Bc1 37. b4 cxb4 38. cxb4 1-0

[Event "Reykjavik Open 2013"]
[Site "Reykjavik ISL"]
[Date "2013.02.20"]
[Round "2.18"]
[White "Ipatov, Alexander"]
[Black "Wahlbom, Magnus"]
[Result "1-0"]
[WhiteTitle "GM"]
[WhiteElo "2569"]
[BlackElo "2279"]
[WhiteFideId "14116731"]
[BlackFideId "1700685"]
[EventDate "2013.02.19"]

1. d4 Nf6 2. c4 e6 3. Nf3 c5 4. d5 d6 5. Nc3 exd5 6. cxd5 g6 7. e4 Bg7 8. h3 O-O
9. Bd3 Na6 10. O-O Nc7 11. a4 b6 12. Bf4 Ba6 13. Bxa6 Nxa6 14. Nd2 Qe7 15. Qe2
Nb4 16. Nc4 Ne8 17. Rfe1 Be5 18. Nxe5 dxe5 19. Bh6 Ng7 20. a5 c4 21. Ra4 Rac8
22. Rea1 Rfd8 23. axb6 axb6 24. Qd2 Nd3 25. Bg5 f6 26. Ra7 Rd7 27. Bxf6 Rxa7 28.
Bxe7 Rxa1+ 29. Kh2 Rf1 30. Bh4 Rf8 31. f3 Rf4 32. Qe2 Ra1 33. Bf2 Rf6 34. Qe3 h6
35. Nb5 Ne8 36. b3 Ra2 37. Bg3 Nb2 38. Bxe5 Nd1 39. Qc1 Rxf3 40. Qxd1 Rff2 41.
Qg4 1-0

[Event "Reykjavik Open 2013"]
[Site "Reykjavik ISL"]
[Date "2013.02.20"]
[Round "2.20"]
[White "Grandelius, Nils"]
[Black "Tari, Aryan"]
[Result "1-0"]
[WhiteTitle "GM"]
[WhiteElo "2566"]
[BlackElo "2263"]
[WhiteFideId "1710400"]
[BlackFideId "1510045"]
[EventDate "2013.02.19"]

1. e4 c6 2. d4 d5 3. e5 Bf5 4. h4 Qb6 5. h5 h6 6. g4 Bh7 7. e6 fxe6 8. Bd3 Nf6
9. Bxh7 Rxh7 10. Qd3 Nbd7 11. Qg6+ Kd8 12. Nf3 Kc8 13. Nc3 c5 14. dxc5 Qxc5 15.
g5 hxg5 16. Bxg5 d4 17. Ne2 Qd5 18. Rh3 e5 19. O-O-O Qe4 20. Nfxd4 exd4 21. Nxd4
Ne5 22. Rc3+ Kb8 23. Ne6 b5 24. Rc7 Nc6 25. Rb7+ Kc8 26. Qxe4 Nxe4 27. Rdd7 1-0

[Event "Reykjavik Open 2013"]
[Site "Reykjavik ISL"]
[Date "2013.02.20"]
[Round "2.24"]
[White "Ptacnikova, Lenka"]
[Black "Kveinys, Aloyzas"]
[Result "0-1"]
[WhiteTitle "WGM"]
[BlackTitle "GM"]
[WhiteElo "2269"]
[BlackElo "2533"]
[WhiteFideId "305650"]
[BlackFideId "12800040"]
[EventDate "2013.02.19"]

1. Nf3 c5 2. g3 g6 3. Bg2 Bg7 4. c4 Nc6 5. O-O d6 6. Nc3 Nh6 7. e4 Ng4 8. d3 O-O
9. Nh4 e5 10. Nd5 Ne7 11. h3 Nxd5 12. hxg4 Nc7 13. Bh1 Rb8 14. a4 Ne6 15. Ng2 b6
16. Bd2 a6 17. b4 cxb4 18. Bxb4 a5 19. Bc3 Nc5 20. Ne3 Bd7 21. Nd5 f5 22. gxf5
gxf5 23. exf5 Bxf5 24. d4 exd4 25. Bxd4 Qg5 26. Re1 Rbe8 27. Bxg7 Qxg7 28. Ra3
Bc2 29. Qa1 Qxa1 30. Rexa1 Re2 31. Nf4 Rd2 32. R3a2 Rd1+ 33. Rxd1 Bxd1 34. Rd2
Bxa4 35. Rxd6 Rb8 36. Nd5 Be8 37. Nxb6 a4 38. Nxa4 Bxa4 39. Rd5 Rc8 40. Rg5+ Kf7
41. Bd5+ Kf6 42. Rh5 Bc2 43. Rh4 Bg6 44. Rd4 Rb8 45. Rd2 Ne4 46. Ra2 Ke5 47. Ra7
Kd4 48. Re7 Rb1+ 49. Kg2 Rb2 50. Bg8 Nf6 51. Bf7 Be4+ 52. Kh3 Rb1 53. Kh4 h6 54.
g4 Rh1+ 55. Kg3 Rg1+ 56. Kh2 Rxg4 57. Kh3 Rf4 58. Kg3 Rf3+ 59. Kg2 Ra3+ 60. Kf1
Ra1+ 61. Ke2 Ra2+ 62. Ke1 Bf3 63. Re3 Ra1+ 64. Kd2 Ne4+ 65. Kc2 Ra2+ 66. Kb3
Rxf2 67. Re1 h5 0-1

[Event "Reykjavik Open 2013"]
[Site "Reykjavik ISL"]
[Date "2013.02.20"]
[Round "2.25"]
[White "Borsos, Bogdan"]
[Black "Xiu, Deshun"]
[Result "1-0"]
[WhiteTitle "IM"]
[BlackTitle "GM"]
[WhiteElo "2260"]
[BlackElo "2530"]
[WhiteFideId "14100568"]
[BlackFideId "8603693"]
[EventDate "2013.02.19"]

1. d4 Nf6 2. c4 g6 3. g3 Bg7 4. Bg2 O-O 5. Nf3 c5 6. d5 d6 7. O-O e6 8. Nc3 exd5
9. cxd5 Re8 10. Nd2 a6 11. a4 Nbd7 12. h3 Nh5 13. Nc4 Ne5 14. Na3 Rb8 15. a5 Bd7
16. Ne4 Bf5 17. Qa4 b5 18. axb6 Rxb6 19. Qa5 Bxe4 20. Bxe4 Qb8 21. Bg2 f5 22.
Ra2 Qb7 23. Qd2 Rb4 24. Qc2 Rb8 25. Rd1 Qe7 26. e3 c4 27. Rd4 Qb7 28. Nxc4 Rc8
29. b3 Rxb3 30. Na5 Rxc2 31. Rxc2 Qb8 32. Nxb3 Qxb3 33. Rb2 Qc3 34. Rb8+ Bf8 35.
Bd2 Qc7 36. Rdb4 Nd7 37. R8b7 Qc8 38. Bf1 Nc5 1-0

[Event "Reykjavik Open 2013"]
[Site "Reykjavik ISL"]
[Date "2013.02.20"]
[Round "2.26"]
[White "Gretarsson, Hjorvar Steinn"]
[Black "Halldorsson, Jon Arni"]
[Result "1-0"]
[WhiteTitle "IM"]
[WhiteElo "2509"]
[BlackElo "2222"]
[WhiteFideId "2302241"]
[BlackFideId "2301075"]
[EventDate "2013.02.19"]

1. d4 d5 2. c4 c6 3. Nf3 Nf6 4. Nc3 dxc4 5. a4 Bf5 6. Ne5 Nbd7 7. Nxc4 Nb6 8.
Ne5 a5 9. g3 e6 10. Bg2 Bb4 11. O-O O-O 12. e3 h6 13. Qe2 Bh7 14. Rd1 Nfd7 15.
Nd3 Bxd3 16. Rxd3 Qe7 17. f4 Rfd8 18. b3 Nd5 19. Na2 Bd6 20. e4 Nb4 21. Rd1 Nxa2
22. Rxa2 Bb4 23. Rc2 Rac8 24. Be3 Nf6 25. Bf3 c5 26. d5 exd5 27. exd5 Re8 28.
Bf2 Qxe2 29. Bxe2 Red8 30. Bc4 Rd6 31. Rd3 Rcd8 32. Rc1 b6 33. Kg2 Kf8 34. Kf3
Re8 35. Re3 Rxe3+ 36. Bxe3 Ke7 37. Rd1 Bc3 38. g4 Rd8 39. h4 h5 40. g5 Ng4 41.
Bd2 Bd4 42. Re1+ Kd6 43. g6 fxg6 44. Re6+ Kc7 45. Rxg6 Rd6 46. Re6 Nf6 47. Re5
Rd7 48. Rg5 Kd6 49. Bd3 Re7 50. Bg6 Nxd5 51. Rxh5 Nc3 52. Bd3 Bf6 53. Rf5 Nd5
54. Bc4 Nb4 55. h5 Nc2 56. Kg4 Bd4 57. Rg5 Ne3+ 58. Kf3 Nd1 59. Rg6+ Kc7 60. f5
Ne3 61. Be6 Nc2 62. Bf4+ Kb7 63. Ke4 Nb4 64. Bd6 Re8 65. Be5 Bxe5 66. Kxe5 Nc6+
67. Kf4 Re7 68. Bd5 1-0

[Event "Reykjavik Open 2013"]
[Site "Reykjavik ISL"]
[Date "2013.02.20"]
[Round "2.27"]
[White "Beeke, Bob"]
[Black "Danielsen, Henrik"]
[Result "1-0"]
[BlackTitle "GM"]
[WhiteElo "2257"]
[BlackElo "2507"]
[WhiteFideId "1011634"]
[BlackFideId "1400185"]
[EventDate "2013.02.19"]

1. Nf3 d6 2. g3 e5 3. d3 f5 4. Bg2 Nf6 5. O-O Be7 6. c4 O-O 7. Nc3 Qe8 8. d4 e4
9. Ng5 h6 10. Nh3 Qf7 11. d5 Na6 12. f3 exf3 13. exf3 Bd7 14. Nf4 Rfe8 15. Be3
c6 16. Qd2 Nc7 17. Rad1 g5 18. Nfe2 c5 19. Rfe1 a6 20. f4 Ng4 21. Bxc5 dxc5 22.
d6 Bc6 23. dxc7 Bxg2 24. Kxg2 Qxc4 25. Qd5+ Kg7 26. Nc1 Qb4 27. Nd3 Qd4 28. Qxf5
h5 29. h3 Nh6 30. Rxe7+ Rxe7 31. Qxg5+ Kh8 32. Qxh6+ Rh7 33. Qe6 Rxc7 34. Ne5
Qb4 35. Qf6+ Rg7 36. Rd7 Qxb2+ 37. Kh1 1-0

[Event "Reykjavik Open 2013"]
[Site "Reykjavik ISL"]
[Date "2013.02.20"]
[Round "2.29"]
[White "Karason, Askell O"]
[Black "Williams, Simon K"]
[Result "0-1"]
[BlackTitle "GM"]
[WhiteElo "2235"]
[BlackElo "2498"]
[WhiteFideId "2300567"]
[BlackFideId "404454"]
[EventDate "2013.02.19"]

1. d4 e6 2. g3 f5 3. Bg2 Nf6 4. c4 Bb4+ 5. Bd2 Be7 6. Nc3 O-O 7. Nh3 d6 8. Nf4
e5 9. dxe5 dxe5 10. Nfd5 c6 11. Nxe7+ Qxe7 12. Qc2 Na6 13. Rd1 Qf7 14. b3 Nc5
15. f4 e4 16. Be3 Ne6 17. O-O h5 18. Qd2 Rd8 19. Qe1 Rxd1 20. Nxd1 Bd7 21. Nf2
c5 22. Qc3 Bc6 23. Rd1 Qc7 24. h3 Kf7 25. Qe5 Qxe5 26. fxe5 Nd7 27. g4 g6 28.
Rf1 Ke7 29. gxf5 gxf5 30. Nd1 Rf8 31. Nc3 Nxe5 32. Nd5+ Bxd5 33. cxd5 Nd4 34. b4
b6 35. bxc5 bxc5 36. d6+ Kxd6 37. Bxe4 Ke6 38. Bxd4 cxd4 39. Bc2 Ng6 40. Kf2 Nf4
41. Kf3 Rc8 42. Bb3+ Ke5 43. h4 Rc3+ 44. Kf2 a5 45. Rb1 Ke4 46. Ba4 d3 47. exd3+
Nxd3+ 48. Kg2 f4 49. Bd1 Ke3 50. a4 Ne1+ 51. Kf1 Nf3 52. Rb5 Nd2+ 53. Kg2 f3+
54. Bxf3 Nxf3 55. Rxh5 Kf4 56. Rh8 Rc2+ 57. Kf1 Kg3 58. Rg8+ Kxh4 59. Rh8+ Kg3
60. Rg8+ Kf4 61. Rf8+ Ke3 62. Re8+ Kd4 63. Rd8+ Ke4 0-1

[Event "Reykjavik Open 2013"]
[Site "Reykjavik ISL"]
[Date "2013.02.20"]
[Round "2.30"]
[White "Wang, Yiye"]
[Black "Kristjansson, Stefan"]
[Result "1/2-1/2"]
[BlackTitle "GM"]
[WhiteElo "2226"]
[BlackElo "2486"]
[WhiteFideId "8606021"]
[BlackFideId "2301172"]
[EventDate "2013.02.19"]

1. e4 c5 2. Nf3 e6 3. c3 Nf6 4. e5 Nd5 5. d4 cxd4 6. cxd4 d6 7. Bc4 Nc6 8. O-O
Be7 9. Bxd5 exd5 10. Bf4 dxe5 11. Nxe5 Qb6 12. Nc3 Be6 13. Nxc6 Qxc6 14. Qb3 O-O 1/2-1/2

[Event "Reykjavik Open 2013"]
[Site "Reykjavik ISL"]
[Date "2013.02.20"]
[Round "2.31"]
[White "Smith, Axel"]
[Black "Frisk, Ellinor"]
[Result "1-0"]
[WhiteTitle "IM"]
[BlackTitle "WF"]
[WhiteElo "2485"]
[BlackElo "2197"]
[WhiteFideId "1707930"]
[BlackFideId "1708481"]
[EventDate "2013.02.19"]

1. d4 Nf6 2. c4 e6 3. Nc3 Bb4 4. e3 b6 5. Ne2 Bb7 6. a3 Be7 7. d5 O-O 8. Ng3 d6
9. Be2 Nbd7 10. O-O c6 11. e4 cxd5 12. cxd5 exd5 13. exd5 Ne5 14. f4 Ng6 15. b4
Rc8 16. Bb2 a6 17. Qd4 Re8 18. Rae1 Bf8 19. Nge4 Nxe4 20. Nxe4 Ne7 21. Nc3 Nf5
22. Qd3 Ne3 23. Rf3 Nxd5 24. Nxd5 Bxd5 25. Qxd5 Rc2 26. Qd4 Rexe2 27. Rxe2 Rxe2
28. Rg3 Rxg2+ 29. Kxg2 1-0

[Event "Reykjavik Open 2013"]
[Site "Reykjavik ISL"]
[Date "2013.02.20"]
[Round "2.32"]
[White "Bird, Andrew"]
[Black "Huang, Qian"]
[Result "0-1"]
[BlackTitle "WGM"]
[WhiteElo "2223"]
[BlackElo "2478"]
[WhiteFideId "3204502"]
[BlackFideId "8602689"]
[EventDate "2013.02.19"]

1. d4 Nf6 2. c4 g6 3. Nc3 Bg7 4. e4 d6 5. h3 O-O 6. Bg5 c5 7. d5 e6 8. Bd3 exd5
9. exd5 Nbd7 10. Nf3 Qe7+ 11. Qe2 Qxe2+ 12. Kxe2 a6 13. a4 b6 14. Bf4 Re8+ 15.
Kd2 Ne5 16. Nxe5 dxe5 17. Be3 a5 18. Nb5 Rd8 19. g4 Bd7 20. f3 Bxb5 21. axb5 Ne8
22. Ra4 f6 23. Rha1 Rab8 24. Rg1 Nd6 25. b3 Kf7 26. Ra2 f5 27. gxf5 gxf5 28. Kd1
Bf6 29. Rag2 Ra8 30. Ra2 Rg8 31. Bf1 f4 32. Rxg8 Rxg8 33. Bd2 Rg1 34. Ke2 e4 35.
Bxf4 exf3+ 36. Kf2 Bd4+ 37. Ke1 Ne4 38. Rc2 Nc3 39. Bc7 Be5 40. Bxe5 0-1

[Event "Reykjavik Open 2013"]
[Site "Reykjavik ISL"]
[Date "2013.02.20"]
[Round "2.34"]
[White "Lou, Yiping"]
[Black "Halldorsson, Bragi"]
[Result "1-0"]
[WhiteTitle "IM"]
[WhiteElo "2468"]
[BlackElo "2180"]
[WhiteFideId "8603928"]
[BlackFideId "2300907"]
[EventDate "2013.02.19"]

1. e4 c6 2. d4 d5 3. f3 dxe4 4. fxe4 e5 5. Nf3 Bg4 6. Bc4 Nd7 7. c3 b5 8. Bb3
Ngf6 9. O-O Bd6 10. a4 O-O 11. axb5 cxb5 12. Bg5 Qc7 13. Qd3 Bh5 14. Nbd2 Bg6
15. Nh4 b4 16. Nxg6 hxg6 17. Bxf6 gxf6 18. Qg3 Kg7 19. Nc4 bxc3 20. bxc3 Rab8
21. Ba2 Nb6 22. Ne3 Rfe8 23. Rxf6 Kxf6 24. Rf1+ Ke7 25. Rxf7+ Kd8 26. Rxc7 Kxc7
27. Qxg6 Rbd8 1-0

[Event "Reykjavik Open 2013"]
[Site "Reykjavik ISL"]
[Date "2013.02.20"]
[Round "2.35"]
[White "Ornolfsson, Magnus P."]
[Black "Tan, Zhongyi"]
[Result "0-1"]
[BlackTitle "WGM"]
[WhiteElo "2169"]
[BlackElo "2466"]
[WhiteFideId "2301016"]
[BlackFideId "8603642"]
[EventDate "2013.02.19"]

1. e4 c5 2. Nf3 Nc6 3. c3 d5 4. exd5 Qxd5 5. d4 Bg4 6. Be2 cxd4 7. cxd4 e6 8.
Nc3 Qd6 9. O-O Nf6 10. Be3 Be7 11. Qb3 O-O 12. Rfd1 Rfd8 13. Rac1 Qb4 14. Qxb4
Nxb4 15. a3 Nbd5 16. h3 Bh5 17. Nxd5 Nxd5 18. Rd2 Rac8 19. Rdc2 Rxc2 20. Rxc2
Bd6 21. Ne1 Bg6 22. Bd3 b6 23. Bxg6 hxg6 24. Nf3 f6 25. Kf1 g5 26. Bd2 Kf7 27.
Ke2 Kg6 28. Rc6 Kf5 29. Kd3 Ne7 30. Rc2 Bb8 31. Ke2 Ke4 32. Be3 Nf5 33. Nd2+ Kd5
34. Nf3 Bd6 35. Kd3 Nh4 36. Nxh4 gxh4 37. f3 g5 38. Bd2 a5 39. Rc1 Rg8 40. Rf1
f5 41. Rh1 Bf4 42. Re1 Bg3 43. Re2 Rg7 44. Bc1 Bd6 45. Bd2 g4 46. fxg4 fxg4 47.
hxg4 Rxg4 48. Bc3 a4 49. Kc2 Kc4 50. Be1 b5 51. Kb1 Kd5 52. Bc3 Re4 53. Rf2 Bg3
54. Rc2 Rf4 55. Re2 Rf2 56. Rxf2 Bxf2 57. Kc2 Kc4 58. Ba5 Bxd4 59. Bd8 Bf2 60.
Bf6 Bg3 61. Kd2 Kb3 62. Bc3 Bf4+ 63. Kd3 Bc1 0-1

[Event "Reykjavik Open 2013"]
[Site "Reykjavik ISL"]
[Date "2013.02.20"]
[Round "2.36"]
[White "Andersen, Mads"]
[Black "Ingvason, Johann"]
[Result "1-0"]
[WhiteTitle "IM"]
[WhiteElo "2462"]
[BlackElo "2148"]
[WhiteFideId "1413864"]
[BlackFideId "2301431"]
[EventDate "2013.02.19"]

1. c4 e6 2. Nf3 Nf6 3. g3 d5 4. Bg2 Be7 5. O-O O-O 6. d4 dxc4 7. Qc2 a6 8. a4 b6
9. Ne5 Ra7 10. Rd1 Bb7 11. e4 Nc6 12. Nxc6 Bxc6 13. Be3 Ra8 14. Nc3 Rb8 15. Qe2
b5 16. d5 exd5 17. axb5 axb5 18. e5 Nd7 19. Nxd5 Ba8 20. Ba7 Rb7 21. e6 Rxa7 22.
Rxa7 1-0